000 00965nam a22002657a 4500
005 20230413153344.0
008 230413s2019 at a|||gr|||| 00| 0 eng d
020 _a9781337553292 (10a.Ed.)
040 _aCO-BoUCM
_bspa
_cDeissy Garcia
_dDeissy Garcia
041 _aeng
100 _953357
_aSerway, Raymond A
245 _aPhysics for scientists and engineers
_cRaymond A. Serway, John W. Jewett
250 _a10a.Ed.
260 _aAustralia
_aMexico
_bCengage
_c2017
300 _aiv,1258, A-38, I-14 páginas
_bilustraciones
500 _aBibliografía Básica - Facultad de Ciencias Naturales - Pregrado en Biología
504 _aIncluye referencias bibliográficas e índices
650 7 _aFísica
_xEnseñanza
_941286
650 7 _aIngeniería
_917607
650 7 _aCiencia
_910767
700 _967968
_aJewett, John W.
700 _aPeroomian, Vahé
_9177325
942 _2DEWEY
_a25
_cLIBRO
_e10
_h530
_mS492p
_n0
999 _c322539
_d322539